000 01036nam a22002417a 4500
999 _c63462
_d63462
005 20240530110642.0
008 171023s2015 ua g b 000 0 ara d
017 _a2015/5326
_bمصر. دار الكتب
020 _a9789773506360
040 _aEG-CaGPL
_cEG-CaGPL
082 0 4 _221
_a302.24\
_bب ت
100 0 _aبعزيز ابراهيم .
245 1 2 _aالتضليل الاعلامى /
_bكيف يقوم الاعلام بتسطيح ثقافة الجماهير و تغييب الوعى : دراسة نقدية تحليلية لواقع الاعلام المعاصر /
_cبعزيز ابراهيم .
250 _aط.1
260 _aالقاهرة :
_bدار الكتاب الحديث ،
_c2015 .
300 _a239 ص. ؛
_c24 سم.
504 _aببليوجرافية : ص 223 - 236
650 0 7 _2qrmak
_aالاعلام .
650 0 7 _2qrmak
_aالاعلام
_xالجوانب الاخلاقية .
650 0 7 _2qrmak
_aالتضليل الاعلامى .
942 _2ddc
_cBK